| 000 | 00388nam a22001577a 4500 | ||
|---|---|---|---|
| 003 | CEME | ||
| 005 | 20210628201959.0 | ||
| 008 | 210416b xxu||||| |||| 00| 0 eng d | ||
| 040 | _c. | ||
| 082 | _a621.384 PRU'R | ||
| 100 |
_aPruslin, Z. M ,Smirnova, M. A _957695 |
||
| 245 | _aRadio engineering and electronics | ||
| 260 |
_aMOSCOW _bMIR _c1971 |
||
| 300 | _a464P | ||
| 942 |
_cBK _2ddc |
||
| 999 |
_c567968 _d567968 |
||